The iron cage : an historical interpretation
Αποθηκεύτηκε σε:
| Κύριος συγγραφέας: | |
|---|---|
| Μορφή: | Βιβλίο |
| Γλώσσα: | English |
| Δημοσίευση: |
New Brunswick, N.J. ; Oxford :
Transaction,
c1985
|
| Θέματα: | |
| Ετικέτες: |
Προσθήκη ετικέτας
Δεν υπάρχουν, Καταχωρήστε ετικέτα πρώτοι!
|
MARC
| LEADER | 00000nam a2200000 i 4500 | ||
|---|---|---|---|
| 001 | 1/86355 | ||
| 008 | 931015s1985 eng d | ||
| 020 | |a 0-87855-984-1 | ||
| 035 | |a 1990 |b 2 |c Αγορά/Μακρυνιώτη |l 10034950 | ||
| 040 | |a GR-MY-UA |b gre |e aacr | ||
| 041 | 0 | |a eng | |
| 082 | 0 | |a 301.0924 | |
| 100 | 1 | |a Mitzman, Arthur |d 1931- | |
| 245 | 1 | 4 | |a The iron cage : |b an historical interpretation / |c Arthur Mitzman |
| 260 | |a New Brunswick, N.J. ; Oxford : |b Transaction, |c c1985 | ||
| 300 | |a 337 p. | ||
| 504 | |a Bibliography: p. Includes index. | ||
| 600 | 1 | 0 | |a Weber, Max, |d 1864-1920. |
| 650 | 0 | 0 | |a Sociology |x History. |
| 852 | |a INST |b RHODES |e 19931015 |h 301.0924 MIT |p 005400004037 |q 005400004037 |t BK |y 0 | ||
| 909 | |a Ρ |b 017183 |c 1990 | ||